Tilastot visalle Eduskuntavaalit: kaikkien aikojen ääniharavat

Klikkaa tästä pelataksesi tätä visaa!

Yleistilastot

  • Tätä visaa on pelattu 143 kertaa
    (31 viimeisimmän päivityksen jälkeen)
  • Keskiarvotulos 11 / 20

Vastaustilastot

ÄänimääräEhdokasVuosiPuolue% Oikein
35 628Sanna Marin2023SDP
96%
24 542Li Andersson2019Vasemmistoliitto
91%
42 594Riikka Purra2023Perussuomalaiset
91%
30 596Jussi Halla-aho2019Perussuomalaiset
87%
60 563Sauli Niinistö2007Kokoomus
87%
43 437Timo Soini2011Perussuomalaiset
87%
41 768Alexander Stubb2011Kokoomus
78%
30 758Juha Sipilä2015Keskusta
70%
24 112Matti Vanhanen2007Keskusta
65%
26 415Paavo Lipponen2003SDP
65%
23 962Jyrki Katainen2011Kokoomus
61%
32 562Elina Valtonen2023Kokoomus
57%
22 709Paavo Väyrynen1991Keskusta
57%
25 088Pekka Vennamo1983SMP
43%
22 360Kalevi Sorsa1972SDP
39%
21 468Carl Haglund2015RKP
26%
23 426Karl-August Fagerholm1948SDP
26%
26 262Pertti Salolainen1979Kokoomus
13%
21 743Eeva Kuuskoski-Vikatmaa1991Keskusta
4%
23 565Raimo Ilaskivi1972Kokoomus
4%

Tulosjakauma

Persentiili vastausten määrän mukaan

Jokaisen tuloksen saaneiden osuus

Tuloshistoriasi

Et ole pelannut tätä visaa sen viimeisimmän päivityksen jälkeen